Kaedah epidemiologi

Bibliographic Details
Main Author: Osman Ali , 1955- (Author)
Format: Book
Published: Kuala Lumpur : Dewan Bahasa dan Pustaka , 1990
Subjects:

MARC

LEADER 00000cam a2200000 7i4500
001 0000008964
005 20211206093000.0
020 |a 9836215123 
090 0 0 |a RA651   |b .08 
100 0 |a Osman Ali ,   |d 1955- ,   |e author 
245 0 0 |a Kaedah epidemiologi   |c Osman Ali 
260 2 |a Kuala Lumpur :   |b Dewan Bahasa dan Pustaka ,   |c 1990 
300 |a xi, 218 p. ; ;   |c 22 cm. 
504 |a Includes bibliographical references (p. 215) and index 
650 0 |a Epidemiology 
999 |a 1000033959   |b Book   |c OPEN SHELF (30 DAYS)   |e Gong Badak Campus